00349nam a2200109Ia 4500008004100000082001500041100002300056245003500079260004700114630001900161650005900180211109s9999||||xx |||||||||||||| ||und|| a833bBHA-A aBhaskaran Nair K,  0aAdhuneeka German Cherukadhakal bSouthern Languages Book TrustaIndiac1976 xgeneral stack  aGerman LiteraturevGerman FictionxLiteratureGeneralia